| 000 | 01632nam a2200373 a 4500 | ||
|---|---|---|---|
| 001 | 00128 | ||
| 003 | DO-SdBNP | ||
| 005 | 20180309094840.0 | ||
| 007 | 00128 | ||
| 008 | 160331b dr 2008 ||||| |||| 00| 0 spa d | ||
| 020 | _a9789945111958 (v. 4) Guía | ||
| 040 |
_aBPMSU _bspa _cBPMSU |
||
| 092 |
_a372.7 _b S237m 4to. 2008 |
||
| 100 | 1 | _aSantos, Altagracia | |
| 245 | 1 | 0 |
_aMatemáticas 4 : _beducación básica / _cAltagracia Santos ; dirección editorial Obdulia Gacía de Escobar ; editor Andrés Molina Maloon |
| 260 |
_aSanto Domingo : _bSantillana, _c2008. |
||
| 300 |
_axv, 191 p. : _bil., retrs. ; _c30 cm. _g+ CD-ROM |
||
| 490 | 1 | _aCoral | |
| 500 | _aLa biblioteca posee solamente la guía | ||
| 505 | 0 |
_gGuía.- _tNúmeros hasta el millón-- _toperaciones aritméticas, 1 -- _toperaciones aritméticas, 2 -- _tFracciones-- _tLos números decimales -- _tVariaciones proporcionales -- _tLongitud y perímetro -- _tPuntos, líneas y ángulos -- _tFiguras y cuerpos -- _tSimetría. Movimientos -- _tMedidas. Estadísticas -- |
|
| 650 | 4 |
_aMATEMÁTICAS _xENSEÑANZA ELEMENTAL |
|
| 650 | 4 |
_aEDUCACIÓN PRIMARIA _zREPÚBLICA DOMINICANA |
|
| 650 | 4 |
_aMATEMÁTICAS _xLIBROS DE TEXTOS |
|
| 650 | 4 |
_aMATEMÁTICAS _xESTUDIOS Y EJERCICIOS |
|
| 700 | 1 | 2 |
_aGarcía de Escobar, Obdulia, _edir. ed. |
| 700 | 1 | 2 |
_aMolina Maloon, Andrés, _eed. |
| 830 | 0 | _aCoral | |
| 910 | _aValidado. Control de calidad MFF | ||
| 942 |
_2ddc _cBK |
||
| 945 | _aRemanejado para la BNPHU / 2018 VM | ||
| 956 |
_aYLOCKWARD _b10 _c20150703 _lBND01 _h0946 |
||
| 956 |
_aVMATEO _b10 _c20150706 _lBPMSU _h00151 |
||
| 956 |
_aBTAVÁREZ _b10 _c20160410 _lBPMSU _h00128 |
||
| 999 |
_c9490 _d9490 |
||